<?xml version="1.0" encoding="UTF-8"?>
<record
    xmlns:xsi="http://www.w3.org/2001/XMLSchema-instance"
    xsi:schemaLocation="http://www.loc.gov/MARC21/slim http://www.loc.gov/standards/marcxml/schema/MARC21slim.xsd"
    xmlns="http://www.loc.gov/MARC21/slim">

  <leader>02327nam a2200313 u 4500</leader>
  <controlfield tag="001">1383795</controlfield>
  <controlfield tag="005">20240129080329.0</controlfield>
  <controlfield tag="007">cr|||||||</controlfield>
  <controlfield tag="008">140830s2013                        spa  </controlfield>
  <datafield tag="035" ind1=" " ind2=" ">
    <subfield code="a">1383795</subfield>
  </datafield>
  <datafield tag="040" ind1=" " ind2=" ">
    <subfield code="c">comduadb</subfield>
  </datafield>
  <datafield tag="041" ind1=" " ind2=" ">
    <subfield code="a">spa</subfield>
  </datafield>
  <datafield tag="080" ind1=" " ind2=" ">
    <subfield code="a">PMA</subfield>
  </datafield>
  <datafield tag="100" ind1="1" ind2="0">
    <subfield code="a">Guar&#xED;n Giraldo, Juan Camilo</subfield>
    <subfield code="4">aut</subfield>
    <subfield code="e">aut</subfield>
    <subfield code="9">678985</subfield>
  </datafield>
  <datafield tag="245" ind1="1" ind2="0">
    <subfield code="a">Implementaci&#xF3;n de la t&#xE9;cnica de ultrasonido en el sistema de calidad de la Empresa Cobral Ltda., en el an&#xE1;lisis de piezas fundidas por el proceso Lost Foam Casting para el sector automotriz</subfield>
  </datafield>
  <datafield tag="260" ind1=" " ind2=" ">
    <subfield code="a">Medell&#xED;n :</subfield>
    <subfield code="b">[sin publicador],</subfield>
    <subfield code="c">2013.</subfield>
  </datafield>
  <datafield tag="300" ind1=" " ind2=" ">
    <subfield code="a">77 p&#xE1;ginas</subfield>
  </datafield>
  <datafield tag="520" ind1="3" ind2=" ">
    <subfield code="a">En el marco de lo que representa un sistema de calidad &#xED;ntegro para el an&#xE1;lisis responsable de las piezas fundidas, la empresa realiza a cada una de las coladas procesadas un riguroso examen que garantice que dichas piezas son aptas para una aplicaci&#xF3;n espec&#xED;fica; para este fin la empresa cuenta con diferentes alternativas que se utilizan cuidadosamente en toda la producci&#xF3;n obtenida; entre &#xE9;stas se encuentran diferentes procedimientos como el de realizarles caracterizaci&#xF3;n espectrosc&#xF3;pica, ensayos de dureza Brinell, y de tomar muestras metalogr&#xE1;ficas. Sumado a estas herramientas de an&#xE1;lisis y pensando en la gran relevancia que han adquirido los ensayos no destructivos en el estudio de todo tipo de materiales y m&#xE1;s aun contando con un equipo de ultrasonido al que no se le est&#xE1; dando ning&#xFA;n uso, se ha generado un profundo inter&#xE9;s en la implementaci&#xF3;n de &#xE9;ste en el sistema de calidad de la empresa, como parte fundamental en la detecci&#xF3;n de posibles discontinuidades y defectos para generar una mayor confiabilidad en sus productos, lo que representar&#xED;a un grado de satisfacci&#xF3;n m&#xE1;s alto en sus clientes, cumpliendo as&#xED; est&#xE1;ndares de calidad mucho m&#xE1;s elevados que los presentados actualmente.</subfield>
  </datafield>
  <datafield tag="650" ind1=" " ind2=" ">
    <subfield code="a">Fundici&#xF3;n a la espuma perdida</subfield>
    <subfield code="9">20780</subfield>
  </datafield>
  <datafield tag="650" ind1=" " ind2=" ">
    <subfield code="a">Ultrasonido</subfield>
    <subfield code="9">165914</subfield>
  </datafield>
  <datafield tag="650" ind1=" " ind2=" ">
    <subfield code="a">Ensayos no destructivos</subfield>
    <subfield code="9">15260</subfield>
  </datafield>
  <datafield tag="650" ind1=" " ind2=" ">
    <subfield code="a">Est&#xE1;ndares de calidad</subfield>
    <subfield code="9">108103</subfield>
  </datafield>
  <datafield tag="650" ind1=" " ind2=" ">
    <subfield code="a">Poliestireno expandido</subfield>
    <subfield code="9">48620</subfield>
  </datafield>
  <datafield tag="700" ind1="1" ind2="0">
    <subfield code="a">Serna Giraldo, Claudia Patricia</subfield>
    <subfield code="4">ths</subfield>
    <subfield code="e">ths</subfield>
    <subfield code="9">410550</subfield>
  </datafield>
  <datafield tag="856" ind1="4" ind2=" ">
    <subfield code="u">https://drive.google.com/file/d/0BwecnWVz7HZoQ2VEWXhUVkZFVlE/edit?usp=sharing</subfield>
  </datafield>
  <datafield tag="942" ind1=" " ind2=" ">
    <subfield code="c">TESIS</subfield>
    <subfield code="n">0</subfield>
  </datafield>
  <datafield tag="999" ind1=" " ind2=" ">
    <subfield code="c">683181</subfield>
    <subfield code="d">683181</subfield>
  </datafield>
  <datafield tag="502" ind1=" " ind2=" ">
    <subfield code="b">175</subfield>
    <subfield code="c">17</subfield>
  </datafield>
  <datafield tag="526" ind1=" " ind2=" ">
    <subfield code="a">177</subfield>
  </datafield>
</record>
